000 00628cam a22001931 4500
001 45483
090 _a45483
100 _a19940105d1946 km y0pory5003 ba
101 1 _apor
102 _aPT
200 1 _aQuadro dos Progressos do espírito humano
_fCondorcet
_gtrad. Maria Antonieta Godinho
210 9 _a[S.l.]
_cEdições cosmos
_d1946
215 _a242 p.
_d19 cm
225 2 _aBiblioteca Cosmos
_v104-105
_h2.ª secção
_v25, 26.
_iArtes e Letras. Obras Primas da Prosa e da Poesia
675 _a821.133.1-9
700 0 _aCondorcet,
_f1743-1794
702 1 _aGodinho,
_bMaria Antonieta Magalhães
_4730
801 0 _aPT
_bBN
_gRPC
990 _cLIVROS